Capital Location: Europe Quiz Stats

 Plays Quiz Updated Jul 14, 2016

Challenge
Share
Tweet
Score 0/26 Timer 07:00
26 Plays Today
% Correct
Correct, that's Rome
96.4%
Correct, that's Paris
93%
Correct, that's London
92.9%
Correct, that's Madrid
86.6%
Correct, that's Moscow
79.2%
Correct, that's Bern
76.4%
Correct, that's Athens
75.6%
Correct, that's Amsterdam
73.9%
Correct, that's Oslo
73.2%
Correct, that's Berlin
70.8%
Correct, that's Minsk
69.4%
Correct, that's Stockholm
68.2%
Correct, that's Warsaw
66%
% Correct
Correct, that's Ankara
64.5%
Correct, that's Dublin
63.5%
Correct, that's Vienna
63.1%
Correct, that's Prague
61.7%
Correct, that's Budapest
60.5%
Correct, that's Brussels
60.1%
Correct, that's Kyiv
56%
Correct, that's Bucharest
52.7%
Correct, that's Skopje
45.5%
Correct, that's Nicosia
44.3%
Correct, that's Copenhagen
36.8%
Correct, that's Sofia
35.7%
Correct, that's Tirana
29.4%

You're not logged in!

Compare scores with friends on all Sporcle quizzes.
Join for Free
OR
Log In

You Might Also Like...

Show Comments

Extras

Top Quizzes Today


Score Distribution

Your Account Isn't Verified!

In order to create a playlist on Sporcle, you need to verify the email address you used during registration. Go to your Sporcle Settings to finish the process.

Report this User

Report this user for behavior that violates our Community Guidelines.

Details: